Die Vereinten Nationen : Entwicklung-Aktivitäten-Perspektiven /
Uložené v:
| Ďalší autori: | , , |
|---|---|
| Médium: | Kniha |
| Jazyk: | German |
| Vydané: |
Frankfurt am Main :
Fischer Taschenbuch Verlag,
2002
|
| Edícia: | Fischer ;
14916 |
| ISBN: |
3-596-14916-9 (brosch.) : |
| Fyzický popis: |
268 S. ; 19 cm |
| Tagy: |
Pridať tag
Žiadne tagy, Buďte prvý kto otaguje tento záznam!
|
Titul je dostupný aj v ... 

MARC
| LEADER | 00000nam a2200000 a 4500 | ||
|---|---|---|---|
| 001 | 000475430 | ||
| 003 | SVKK | ||
| 005 | 20031107152930.0 | ||
| 008 | 031107s2002 e gero | ||
| 020 | |a 3-596-14916-9 (brosch.) : |c 12,90 EUR | ||
| 040 | |a 03 |b ger | ||
| 080 | |a 327.3 |2 undef | ||
| 245 | 0 | 0 | |a Die Vereinten Nationen : |b Entwicklung-Aktivitäten-Perspektiven / |c Hrsg. Dietmar Herz, Christian Jetzlsperger, Marc Schattenmann |
| 260 | |a Frankfurt am Main : |b Fischer Taschenbuch Verlag, |c 2002 | ||
| 300 | |a 268 S. ; |c 19 cm | ||
| 440 | 0 | |a Fischer ; |v 14916 | |
| 700 | 1 | |a Herz, Dietmar |4 com | |
| 700 | 1 | |a Jetzlsperger, Christian |4 com | |
| 700 | 1 | |a Schattenmann, Marc |4 com | |
| 910 | |a KEA001 | ||
| 972 | |a 327.3 VER | ||
| 998 | |a BK | ||
| 973 | |a 6287/03 | ||
| 090 | |g SCKGI |k Študovňa GI |a 327.3 VER |j 6287/03 |i G2720001084 |s Vyradená | ||